000 00257nam a2200097Ia 4500
001 650191
005 20250826154354.0
008 250824s9999 xx 000 0 und d
245 0 _aDÖNÜŞÜM ANTİK YENİ
_cFRANZ KAFKA
260 _bANTİK DÜNYA KLASİKLERİ
999 _c650191
_d650191